Countries by First Two Letters of Capitals and Borders in 90 Seconds - Statistics

General Stats
  • This quiz has been taken 5,907 times
    622 since last reset
  • The average score is 146 of 156
Answers on the Map
Answers color-coded by a green-red scale on the quiz's map according to % correct below.
 
Answer Stats
Country % Correct
Poland
100%
Belarus
99%
Czech Republic
99%
Germany
99%
Lithuania
99%
Mexico
99%
Russia
99%
Slovakia
99%
Ukraine
99%
United States
99%
Belgium
98%
Botswana
98%
Brazil
98%
Canada
98%
China
98%
Colombia
98%
France
98%
Guyana
98%
India
98%
Israel
98%
Italy
98%
Kazakhstan
98%
Lesotho
98%
Libya
98%
Mongolia
98%
Mozambique
98%
North Korea
98%
Pakistan
98%
Serbia
98%
South Africa
98%
Spain
98%
Sudan
98%
Swaziland
98%
Zimbabwe
98%
Afghanistan
97%
Argentina
97%
Austria
97%
Bhutan
97%
Bolivia
97%
Bulgaria
97%
Burkina Faso
97%
Cameroon
97%
Finland
97%
Hungary
97%
Iraq
97%
Macedonia
97%
Malawi
97%
Myanmar
97%
Namibia
97%
Nepal
97%
Netherlands
97%
Niger
97%
Norway
97%
Romania
97%
Switzerland
97%
Tanzania
97%
Turkey
97%
Venezuela
97%
Zambia
97%
Azerbaijan
96%
Benin
96%
Chile
96%
Costa Rica
96%
Côte d'Ivoire
96%
Croatia
96%
Egypt
96%
Equatorial Guinea
96%
Gabon
96%
Guatemala
96%
Guinea
96%
Iran
96%
Latvia
96%
Luxembourg
96%
Montenegro
96%
Peru
96%
Portugal
96%
Saudi Arabia
96%
Syria
96%
United Kingdom
96%
Uruguay
96%
Algeria
95%
Bosnia and Herzegovina
95%
Denmark
95%
Estonia
95%
Ethiopia
95%
Georgia
95%
Greece
95%
Honduras
95%
Kenya
95%
Laos
95%
Morocco
95%
Paraguay
95%
Rep. of the Congo
95%
Sweden
95%
Tajikistan
95%
Armenia
94%
D. R. Congo
94%
Mali
94%
Nicaragua
94%
Andorra
93%
Ireland
93%
Jordan
93%
Kyrgyzstan
93%
Oman
93%
Somalia
93%
Togo
93%
Vietnam
93%
Central African Republic
92%
Djibouti
92%
Kosovo
92%
Panama
92%
South Sudan
92%
Albania
91%
Ecuador
91%
Nigeria
91%
Turkmenistan
91%
Uzbekistan
91%
Belize
90%
El Salvador
90%
Liberia
90%
Senegal
90%
Sierra Leone
90%
Suriname
90%
Thailand
90%
United Arab Emirates
90%
Yemen
90%
Bangladesh
89%
Cambodia
89%
Indonesia
89%
Mauritania
89%
Tunisia
89%
Angola
88%
Chad
88%
Malaysia
88%
Monaco
88%
Qatar
88%
Slovenia
88%
Dominican Republic
87%
Haiti
87%
Kuwait
87%
Moldova
86%
Lebanon
85%
Papua New Guinea
85%
San Marino
85%
Uganda
85%
Ghana
84%
Liechtenstein
84%
South Korea
83%
Guinea-Bissau
81%
Rwanda
78%
Brunei
76%
Eritrea
76%
Gambia
76%
East Timor
75%
Burundi
69%
Vatican City
53%
No matching quizzes found
Score Distribution
Percent of People with Each Score
Percentile by Number Answered
Your Score History
You have not taken this quiz since the last reset